A wife in Musashino
Salvato in:
| Autore principale: | |
|---|---|
| Altri autori: | |
| Natura: | Libro |
| Lingua: | inglese |
| Pubblicazione: |
Ann Arbor
Center for Japanese Studies, The University of Michigan
2004
|
| Serie: | Michigan Monograph Series in Japanese Studies, 51
|
| Soggetti: | |
| Tags: |
Aggiungi Tag
Nessun Tag, puoi essere il primo ad aggiungerne!!
|
MARC
| LEADER | 00000nam a2200000 a 4500 | ||
|---|---|---|---|
| 001 | UCK5647 | ||
| 003 | CL-VaPUC | ||
| 005 | 20221026153549.0 | ||
| 008 | 050805e20040000us |||||||||||||||||eng|d | ||
| 999 | |c 314143 |d 314141 | ||
| 020 | |a 1929280289 | ||
| 040 | |c Pontificia Universidad Católica de Valparaíso | ||
| 082 | 0 | 4 | |a 895.603 |b OOK |2 21 |
| 100 | 0 | |a Ooka, Shohei |e author |9 494532 | |
| 245 | 1 | 2 | |a A wife in Musashino |
| 260 | |a Ann Arbor |b Center for Japanese Studies, The University of Michigan |c 2004 | ||
| 300 | |a 161 p | ||
| 490 | 0 | |a Michigan Monograph Series in Japanese Studies, 51 | |
| 583 | |a last modification |c 20130809 12:51:44 |k Rodrigo Vera | ||
| 650 | 0 | |a Literatura japonesa |9 266543 | |
| 650 | 7 | |a NOVELAS JAPONESAS |2 CL-VaPUC |9 494533 | |
| 700 | |a Washburn, Dennis C. |e translation and afterword |9 878013 | ||
| 942 | |c BK |2 ddc | ||
| 945 | |d 20050805 00:00:00 |a jcarroza | ||
| 952 | |0 0 |1 0 |4 0 |6 895_603000000000000_OOK_2004 |7 0 |8 A |9 386088 |a BIBGIM |b BIBGIM |d 2019-11-22 |i 4152182 |o 895.603 OOK 2004 |p 4152182 |r 2025-01-15 |w 2019-11-22 |y BK |k ORI | ||